Physiology of behavior (Record no. 2351)

MARC details
000 -LEADER
fixed length control field 00483nam a2200181Ia 4500
008 - FIXED-LENGTH DATA ELEMENTS--GENERAL INFORMATION
fixed length control field 230917s9999||||xx |||||||||||||| ||und||
020 ## - ISBN
Price RS 1395.00
040 ## - CATALOGING SOURCE
-- 5011296
Original cataloging agency VIVEKANANDA LIBRARY
041 ## - Language
-- English
082 ## - DDC NUMBER
Classification number 152 C197P(12)
100 ## - MAIN ENTRY--PERSONAL NAME
Personal name Carlson, Neil R
245 #0 - TITLE STATEMENT
Title Physiology of behavior
250 ## - EDITION STATEMENT
Edition statement 12th ed.
260 ## - PUBLICATION, DISTRIBUTION, ETC. (IMPRINT)
Place of publication, distribution, etc Noida
Name of publisher, distributor, etc Pearson India Education Services
Date of publication, distribution, etc 2021
300 ## - PHYSICAL DESCRIPTION
Pages 736 p.
500 ## - GENERAL NOTE
General note 4081 28/09/2021 HBD21/8856 28/09/2021 Main Budget
942 ## - ADDED ENTRY ELEMENTS (KOHA)
Koha item type Books
Holdings
Withdrawn status Lost status Damaged status Not for loan Location (home branch) Sublocation or collection (holding branch) Date acquired Koha issues (times borrowed) Koha full call number Accession No. Koha date last seen Koha item type
        VIVEKANANDA LIBRARY VIVEKANANDA LIBRARY 03/12/2021 1 152 C197P(12) 397457 15/03/2024 Books
© Designed and Maintained by Vivekananda Library, MDU Rohtak